Регионална библиотека "Любен Каравелов" - Русе

Star-crossed!! 1 (Запис номер 511938)

MARC детайли
000 -Лидер
Контролно поле с фиксирана дължина 00999nam a2200301 a 4500
003 - Код на организацията, давaща контролен номер
Контролно поле BLK
005 - Дата и час на последна редакция
Контролно поле 20250618163143.0
008 - Елементи от данни с фиксирана дължина
fixed length control field 180412b bul rap|r|||| r0| ||bulo|
020 ## - Международен стандартен номер на книга ISBN
Международен стандартен номер на книга ISBN 9781646511877
040 ## - Източник на каталожния запис
Идентификатор на билиотеката - собственик на записа BLK
041 ## - Код за език
Код за езика на текст/звукозапис или на отделно заглавие Английски
Код за езика КДБФ Английски
080 ## - УДК
Текстов определител УДК Издания за деца и юноши. Книжки-картинки. Читанки. Вж и 372.4
УДК код - определител по УДК 087.5
УДК - код + определител 087.5
080 ## - УДК
Текстов определител УДК Карикатура. Комикс
УДК код - определител по УДК 741.5
УДК - код + определител 741.5
139 ## - Редно поле
Авторски знак Jun - J 93
245 10 - Сведения за заглавието
Заглавие Star-crossed!! 1
Подзаглавни данни Comics
Редно поле (дума) text, ill. Junko, Mohit Dhiman; transl. Barbara Vincent, Amimaru
260 ## - Област на издателските данни
Име на издателя, разпространителя и проч. Kodansha Comics
Година на издаване 2021
9 (RLIN) 493049
Място на издаване, разпространение и проч. New York
300 ## - Физическа характеристика
Страници 163 p.
Илюстрации и др. ill.
Размери/Мащаб 20 см
380 ## - Жанр
Жанр Детска отраслова лит.
650 #4 - Допълнително описание по предмет – тема
Основно описание – тема или топоним Комикси - издания за деца
9 (RLIN) 282145
653 ## - Ключова дума – ненормативна
Ключова дума комикси
856 4# - Електронен адрес и достъп
Електронен формат pdf - файл
Път до файла /url/
856 4# - Електронен адрес и достъп
Електронен формат pdf - файл
Път до файла /url/
942 ## - АРТИКУЛИ
Вид на библиотечния материал Книги
Скрит в OPAC Не
Koha issues (borrowed), all copies 4
944 ## - СЪЗДАВАНЕ И РЕДАКЦИЯ на ЗАПИСА
Дата на регистрацията/редакция Нора Радева
Служител, извършил регистрацията/редакцията 30543
Статус, дата на статуса Ива Цветкова
Създаване/Редакция
999 ## - СИСТЕМНИ КОНТРОЛНИ НОМЕРА
Koha biblionumber 511938
Koha biblioitemnumber 511938
999 ## - СИСТЕМНИ КОНТРОЛНИ НОМЕРА
Koha biblioitemnumber 511933
999 ## - СИСТЕМНИ КОНТРОЛНИ НОМЕРА
Koha biblioitemnumber 511930
999 ## - СИСТЕМНИ КОНТРОЛНИ НОМЕРА
Koha biblioitemnumber 208707
Наличности
Код за отписване Код за изгубен артикул Източник на класификационната схема Код за повреда Код за отдаване Артикулен № Име на библиотеката - собственик Име на библиотеката, в която се намира в момента Статус (Текущо местоположение) Дата на вписване в системата Местоположение - отдел Цена в лева Инвентарен номер Систематично азбучна сигнатура Баркод Цена в евро Служебен тип на артикула
  Не е изгубен Universal Decimal Classification Не е повреден заемане за дома 944161 Регионална библиотека "Любен Каравелов" Русе Регионална библиотека "Любен Каравелов" Русе Детски отдел 2024-06-13 Детски отдел 6.99 120000909345 ДН 087.5/J 93 120000909345 3.57 Книги
Vip Innovations Ltd, Rousse, Bulgaria 2025